|
|
|
|
| LEADER |
00756cam a2200229 7i4500 |
| 001 |
0000039854 |
| 005 |
20151104090000.0 |
| 005 |
##20151104151000.0 |
| 003 |
##MY-KlINT |
| 020 |
# |
# |
|a 9780205532698
|
| 039 |
# |
9 |
|y 201511041510
|z VLOAD
|
| 090 |
0 |
0 |
|a 302
|b BAR
|
| 100 |
1 |
# |
|a Baron, Robert A
|
| 245 |
1 |
0 |
|a Mastering social psychology /
|c Robert A. Baron, Donn Byrne, Nyla R. Branscombe.
|
| 260 |
# |
# |
|a Boston
|a London:
|b Pearson/Allyn and Bacon,
|c c2007.
|
| 300 |
# |
# |
|a xxxii, 363, [62] p:
|b ill. (chiefly col.);
|c 28cm.
|
| 500 |
# |
# |
|a Formerly CIP Uk
|
| 500 |
# |
# |
|a Pearson International Edition-Cover
|
| 504 |
# |
# |
|a Includes bibliographical references and index
|
| 650 |
# |
0 |
|a Social psychology --
|x Textbooks
|
| 700 |
0 |
# |
|a Branscombe, Nyla R
|
| 700 |
0 |
# |
|a Byrne, Donn Erwin
|